000 00681cam a22002293a 4500
001 31289
003 PGUSA
005 20140828083657.0
008 100215s2010||||xxu|||||s|||||000 1 eng d
040 _aPGUSA
_beng
042 _adc
050 4 _aPQ
100 1 _aErckmann-Chatrian
245 1 0 _aWaterloo :
_bA sequel to The Conscript of 1813
_h[electronic resource] /
_cErckmann-Chatrian
260 _bProject Gutenberg,
_c2010
506 _aPublic domain in the USA.
516 _aElectronic text
653 _aWaterloo, Battle of, Waterloo, Belgium, 1815 -- Fiction
830 0 _aProject Gutenberg
_v31289
856 4 0 _uhttp://www.gutenberg.org/ebooks/31289
942 _cEB
999 _c260544
_d260544